[Event "18th European Teams"]
[Site "Porto Carras GRE"]
[Date "2011.11.04"]
[Round "2"]
[Board "3"]
[White "Istratescu, Andrei"]
[Black "Labeckas, Kestutis"]
[Result "1-0"]
[WhiteTitle "GM"]
[BlackTitle "IM"]
[WhiteElo "2627"]
[BlackElo "2410"]
[WhiteTeam "France"]
[BlackTeam "Lithuania"]
[WhiteFideId "1200372"]
[BlackFideId "12802808"]
[EventDate "2011.11.03"]

1. e4 e6 2. d4 d5 3. Nd2 Nf6 4. e5 Nfd7 5. f4 c5 6. c3 Nc6 7. Ndf3 Qb6 8. g3
cxd4 9. cxd4 Bb4+ 10. Kf2 f6 11. Be3 O-O 12. Bh3 Re8 13. Ne2 g6 14. Rb1 Nf8 15.
Nc3 Qd8 16. Rf1 1-0

[Event "18th European Teams w"]
[Site "Porto Carras GRE"]
[Date "2011.11.04"]
[Round "2"]
[Board "1"]
[White "Dzagnidze, Nana"]
[Black "Socko, Monika"]
[Result "1/2-1/2"]
[WhiteTitle "GM"]
[BlackTitle "GM"]
[WhiteElo "2516"]
[BlackElo "2479"]
[WhiteTeam "Georgia"]
[BlackTeam "Poland"]
[WhiteFideId "13601903"]
[BlackFideId "1106619"]
[EventDate "2011.11.03"]

1. d4 Nf6 2. c4 e6 3. Nc3 Bb4 4. e3 O-O 5. Ne2 d5 6. a3 Be7 7. cxd5 exd5 8. g3
a5 9. Bg2 c6 10. O-O Na6 11. Nf4 Nc7 12. f3 c5 13. Na4 Na6 14. dxc5 Nxc5 15. Nc3
Be6 16. g4 h6 17. h4 Bd6 18. Nce2 a4 19. Nd4 Nfd7 20. h5 Nb6 21. Rf2 Qf6 22. Bf1
Rfd8 23. Nfxe6 fxe6 24. Bd2 Nc4 25. Rc1 Bg3 26. Rg2 Be5 27. Bxc4 dxc4 28. Rxc4
Nb3 29. Bc3 Bxd4 30. exd4 Rd5 31. Rf2 e5 32. Rxa4 Rxa4 33. Qxb3 Qc6 34. dxe5 b5
35. Re2 Qe6 36. Kf2 Rc4 37. Re3 Qe7 38. a4 Kh8 39. axb5 Qh4+ 40. Kg2 Rxg4+ 41.
fxg4 Qxg4+ 42. Kf2 Qh4+ 43. Kg2 Qg4+ 44. Kf2 Qh4+ 45. Kg2 1/2-1/2

[Event "18th European Teams w"]
[Site "Porto Carras GRE"]
[Date "2011.11.04"]
[Round "2"]
[Board "1"]
[White "Peng, Zhaoqin"]
[Black "Paehtz, Elisabeth"]
[Result "1-0"]
[WhiteTitle "GM"]
[BlackTitle "IM"]
[WhiteElo "2379"]
[BlackElo "2457"]
[WhiteTeam "Netherlands"]
[BlackTeam "Germany"]
[WhiteFideId "1004786"]
[BlackFideId "4641833"]
[EventDate "2011.11.03"]

1. c4 b6 2. Nc3 e6 3. e4 Bb7 4. Nf3 Bb4 5. Bd3 Ne7 6. a3 Bxc3 7. dxc3 d6 8. O-O
Nd7 9. b4 e5 10. Ne1 O-O 11. Nc2 f5 12. exf5 Nxf5 13. f3 Qe8 14. Qe1 Kh8 15. Bd2
Qf7 16. Rd1 Rae8 17. Bc1 Ba6 18. Qe4 g6 19. Ne3 Ne7 20. Qh4 Nf5 21. Qh3 Ng7 22.
Nd5 Nf6 23. Nxf6 Qxf6 24. Qd7 Ne6 25. Qa4 Bb7 26. c5 dxc5 27. Bb5 Ra8 28. Bc6
Bxc6 29. Qxc6 cxb4 30. axb4 a5 31. Bh6 Rg8 32. Rd7 Rac8 33. h4 Qxh4 34. Qxe6
Qxh6 35. Qxe5+ Rg7 36. Rfd1 Rg8 37. bxa5 bxa5 38. Rd8 Qh4 39. Rxg8+ Kxg8 40.
Qe8# 1-0